Las fiestas patrias en el México de hace un siglo, 1883 (Record no. 201)

MARC details
000 -CABECERA
campo de control de longitud fija 00757nam a2200181 a 4500
001 - NÚMERO DE CONTROL
campo de control BRCA_245
005 - FECHA Y HORA DE LA ÚLTIMA TRANSACCIÓN
campo de control 20190320202931.0
008 - DATOS DE LONGITUD FIJA--INFORMACIÓN GENERAL
campo de control de longitud fija 041005s1984----mx-a---###---#000-0#spa-#
050 #4 - SIGNATURA TOPOGRÁFICA DE LA BIBLIOTECA DEL CONGRESO
Número de clasificación F1233.5
Número de documento/Ítem .D52 1984
100 1# - ENTRADA PRINCIPAL--NOMBRE DE PERSONA
Nombre de persona Díaz de Ovando, Clementina
9 (RLIN) 850
245 10 - MENCIÓN DE TÍTULO
Título Las fiestas patrias en el México de hace un siglo, 1883
Mención de responsabilidad, etc. Clementina Díaz de Ovando.
260 ## - PUBLICACIÓN, DISTRIBUCIÓN, ETC.
Lugar de publicación, distribución, etc. México
Nombre del editor, distribuidor, etc. Centro de Estudios de Historia de México, CONDUMEX (CARSO)
Fecha de publicación, distribución, etc. c1984
300 ## - DESCRIPCIÓN FÍSICA
Extensión 65 p.
Otras características físicas il.
Dimensiones 21 cm.
440 #0 - MENCIÓN DE SERIE/PUNTO DE ACCESO ADICIONAL--TÍTULO
Título Discursos, ensayos y conferencias
Designación de volumen o secuencia 7
9 (RLIN) 851
500 ## - NOTA GENERAL
Nota general Conferencia realizada en el Centro de Estudios de Historia de México Condumex, el 14 de septiembre de 1983
650 14 - PUNTO DE ACCESO ADICIONAL DE MATERIA--TÉRMINO DE MATERIA
Término de materia o nombre geográfico como elemento de entrada México
Subdivisión de forma Discursos, ensayos y conferencias
Subdivisión general Historia
Subdivisión cronológica 1867-1910
9 (RLIN) 852
942 ## - ELEMENTOS DE PUNTO DE ACCESO ADICIONAL (KOHA)
Fuente del sistema de clasificación o colocación Library of Congress Classification
Tipo de ítem Koha Libros
Holdings
Estado de retiro Estado de pérdida Estado dañado No para préstamo Localización permanente Ubicación/localización actual Fecha de adquisición Total de préstamos Signatura topográfica completa Código de barras Fecha visto por última vez Precio válido a partir de Tipo de ítem Koha
El ejemplar forma parte de la colección y puede ser consultado según las políticas vigentes.       Biblioteca del Museo Franz Mayer (Rogerio Casas-Alatriste) Biblioteca del Museo Franz Mayer (Rogerio Casas-Alatriste) 25/06/2008   F1233.5 .D52 1984 00308 22/03/2019 22/03/2019 Libros